000 00605nam a2200217Ia 4500
003 OSt
005 20220926035354.0
006 a|||||r|||| 00| 0
007 ta
008 220923b |||||||| |||| 00| 0 eng d
037 _cGeneral Book
040 _aRTL
_cRTL
_beng
041 _2eng
_aeng
082 _aX:31.4653.N5, J8
100 _aLubell Harold
_9342221
245 0 _aIsrael's national expenditure, 1950-1954
260 _c1958
490 _aFolk Project for Economic Research in Israel.
942 _hX:31.4653.N5, J8
_cGB
_2CC
999 _c662019
_d662019